Countries Manila has been in - Statistics

General Stats
  • This quiz has been taken 143 times
    102 since last reset
  • The average score is 6 of 7
Answer Stats
Time Country % Correct
1898 - 1899 United States of America
91%
1901 - 1943 United States of America
91%
1945 - 1946 United States of America
91%
1571 - 1898 Kingdom of Spain / First Spanish Republic
90%
1899 - 1901 First Philippine Republic
88%
1946 - Present Republic of the Philippines
88%
1943 - 1945 Second Philippine Republic
88%
No matching quizzes found
Score Distribution
Percent of People with Each Score
Percentile by Number Answered
Your Score History
You have not taken this quiz since the last reset